| 000 | 01267cam a2200337Ia 4500 | ||
|---|---|---|---|
| 001 | 33413447 | ||
| 003 | OCoLC | ||
| 005 | 20170614214945.0 | ||
| 008 | 951102s1993 nyua j 000 1 spa d | ||
| 020 | _a0590481924 (pbk.) | ||
| 020 | _a9780590481922 (pbk.) | ||
| 040 |
_aSAP _cSAP _dOCL _dOCLCQ _dE3V |
||
| 041 | 1 |
_aspa _heng |
|
| 082 | 4 | _a813 | |
| 092 | 0 |
_aCSB _bKRO |
|
| 100 | 1 | _aKroll, Steven. | |
| 240 | 1 | 0 |
_aBiggest pumpkin ever. _lSpanish. |
| 245 | 1 | 3 |
_aLa calabaza más grande del mundo / _cpor Steven Kroll ; ilustrado por Jeni Bassett. |
| 250 | _a1st ed. | ||
| 260 |
_aNew York : _bScholastic Inc., _cc1993. |
||
| 300 |
_a1 v. (unpaged) : _bcol. ill. ; _c21 cm. |
||
| 520 | _aTwo mice, each without the other's knowledge, help a pumpkin grow into "the biggest pumpkin ever"--but for different purposes. | ||
| 520 | _aDos ratones, sin que el otro sepa, ayuda a una calabaza que crezca a ser la m©Łs grande del mundo, pero cada rat©đn tiene un prop©đsito diferente. | ||
| 650 | 0 | _aChildren's stories, American. | |
| 650 | 0 |
_aPumpkin _vJuvenile fiction. |
|
| 650 | 0 |
_aHalloween _vJuvenile fiction. |
|
| 650 | 0 |
_aMice _vJuvenile fiction. |
|
| 650 | 0 |
_aSpanish language materials _vJuvenile fiction. |
|
| 700 | 1 | _aBassett, Jeni. | |
| 942 | _cBK | ||
| 999 |
_c17614 _d17614 |
||